असम के शूरवीर: (Record no. 207823)
[ view plain ]
| 000 -LEADER | |
|---|---|
| fixed length control field | 01039nam a22002177a 4500 |
| 005 - DATE AND TIME OF LATEST TRANSACTION | |
| control field | 20241219170128.0 |
| 010 ## - LCCN (DPL NO) | |
| LC control number | HIN-129025-28 |
| 020 ## - INTERNATIONAL STANDARD BOOK NUMBER | |
| International Standard Book Number | 9789395542760 |
| Terms of availability | 490.00 |
| 035 ## - SYSTEM CONTROL NUMBER | |
| System control number | HN-101371-74 |
| 037 ## - SOURCE OF ACQUISITION | |
| Source of stock number/acquisition | DBAD |
| 082 ## - DEWEY DECIMAL CLASSIFICATION NUMBER | |
| Classification number | 920 |
| 100 ## - MAIN ENTRY--PERSONAL NAME | |
| Personal name | दत्ता, अरूप कुमार |
| 245 ## - TITLE STATEMENT | |
| Title | असम के शूरवीर: |
| Remainder of title | लाचित बरफुकन/ |
| Statement of responsibility, etc | अरूप कुमार दत्ता; प्रदीप कुमार द्वारा अनुवादित; पंकज चतुर्वेदी द्वारा संपादित |
| 250 ## - EDITION STATEMENT | |
| Edition statement | द्वितीय |
| 260 ## - PUBLICATION, DISTRIBUTION, ETC. (IMPRINT) | |
| Place of publication, distribution, etc | गुवाहाटी |
| Name of publisher, distributor, etc | असम प्रकाशन परिषद् |
| Date of publication, distribution, etc | 2024 |
| 270 ## - ADDRESS | |
| City | गुवाहाटी |
| Postal code | 781021 |
| 300 ## - PHYSICAL DESCRIPTION | |
| Extent | 221पृ. |
| Dimensions | 23 सेमी (सजिल्द ) |
| 700 ## - ADDED ENTRY--PERSONAL NAME | |
| Personal name | प्रदीप कुमार |
| 9 (RLIN) | 75472 |
| 700 ## - ADDED ENTRY--PERSONAL NAME | |
| Personal name | चतुर्वेदी, पंकज |
| 9 (RLIN) | 75473 |
| 942 ## - ADDED ENTRY ELEMENTS (KOHA) | |
| Source of classification or shelving scheme | Dewey Decimal Classification |
| Item type | Hindi Books |
| Classification part | 920 |
| Call number prefix | दत्ताअ |
| Withdrawn status | Lost status | Not for loan | Collection code | Home library | Current library | Date acquired | Source of acquisition | Cost, normal purchase price | Full call number | Barcode | Copy number | Cost, replacement price | Koha item type |
|---|---|---|---|---|---|---|---|---|---|---|---|---|---|
| Non-fiction | Central Library | Central Library | 19/12/2024 | DBAD | 490.00 | 920 दत्ताअ | HN-101371 | 1 | 490.00 | Hindi Books | |||
| Non-fiction | New Police Line | New Police Line | 19/12/2024 | DBAD | 490.00 | 920 दत्ताअ | HN-101372 | 2 | 499.00 | Hindi Books | |||
| Non-fiction | R.K.Puram-8 | R.K.Puram-8 | 19/12/2024 | DBAD | 490.00 | 920 दत्ताअ | HN-101374 | 1 | 490.00 | Hindi Books | |||
| Non-fiction | Sarojini Nagar | Sarojini Nagar | 19/12/2024 | DBAD | 490.00 | 920 दत्ताअ | HN-101373 | 3 | 490.00 | Hindi Books |
